| 000 | 00542nam a22001817a 4500 | ||
|---|---|---|---|
| 003 | CEME | ||
| 005 | 20210628205420.0 | ||
| 008 | 210317b xxu||||| |||| 00| 0 eng d | ||
| 020 | _a0-87006-279-4 | ||
| 040 | _c. | ||
| 082 | _a671.52 ALT'M | ||
| 100 |
_aAlthouse, Andrew D,Turnquist, Carl H,Bowditch, William A _975454 |
||
| 245 | _aModern welding complete coverage of the welding field in one easy to use volume | ||
| 260 |
_aHOLLAND _bGOODHEART WILLCOX _c1980 |
||
| 300 | _a752P | ||
| 650 |
_aWELDING METALS _975455 |
||
| 942 |
_cBK _2ddc |
||
| 999 |
_c580859 _d580859 |
||